| 000 | 00915cam a22002174a 4500 | ||
|---|---|---|---|
| 005 | 20250605164120.0 | ||
| 008 | 250528s ||||||||||||||||||||||||d | ||
| 035 | _a18245 | ||
| 020 | _a805317538 | ||
| 040 |
_aGR-AtMCL _bgre _dGR-AtMCL _eAACR2 |
||
| 245 | 1 | _aFundamentals of Database Systems / Second Edition | |
| 250 | _a2nd | ||
| 260 |
_bThe Benjamin/Cummings, _c1994 |
||
| 300 | _a874 | ||
| 520 | _aThis book offers expanded coverage of the relational technologies including ER-to-Relational Mapping, up-to-date coverage of SQL2, and a complete chapter on DB2. Basic Concepts, Relational Model and Languages and Systems, Conventional Data Models and Systems, Database Design, System Implementation Techniques, Advanced Data Models and Emerging Trends, Bibliography, Index. | ||
| 700 | 1 |
_aElmasri Ramez _94527 |
|
| 700 | 1 |
_aNavathe Shamkant B _94528 |
|
| 942 | _cBK | ||
| 999 |
_c3618 _d3618 |
||